Základné črty spirituality Starého zákona

Bibliographic Details
Main Author: Csontos, Ladislav, 1952- (Author)
Format: Software eBook
Language:Slovak
PhysicalDescription:1 elektronický optický disk (CD-ROM) 12 cm
Published: Trnava Dobrá kniha 2014
ISBN:9788071418474
Subjects:

MARC

LEADER 00000nam a2200000 a 4500
001 vtls010608034
003 SK-MaSNL
005 20260301034848.0
007 co bg auuua
008 240313s2014 xo | fs 000 0 slo
015 |a SNBS2015 
020 |a 9788071418474  |q (elektronická kniha) 
040 |a SNK  |b slo  |c SNK  |e AACR2 
041 0 |a slo 
044 |a xo  |c SK 
072 7 |a 2  |x Náboženstvo  |2 konspekt 
080 |a 2-58  |2 2001 
080 |a 27-242  |2 2001 
080 |a (048.8)  |2 2001 
080 |a (0.034.44)  |2 2001 
100 1 |a Csontos, Ladislav,  |d 1952-  |4 aut  |9 93641 
245 1 0 |a Základné črty spirituality Starého zákona  |h elektronický zdroj  |c Ladislav Csontos 
260 |a Trnava  |b Dobrá kniha  |c 2014 
300 |a 1 elektronický optický disk (CD-ROM)  |c 12 cm 
500 |a Vydané pre teologickú fakultu Trnavskej univerzity 
500 |a Názov z titulnej obrazovky 
504 |a Bibliogr. odkazy 
516 |a Textový dokument (monografia), súbor vo formáte pdf 
538 |a Technické požiadavky: PDF prehliadač 
630 0 7 |a Biblia  |p Starý zákon  |2 SNKPH  |9 185646 
650 0 7 |a spiritualita  |2 SNKPH  |9 18684 
650 0 7 |a Spirituality  |2 SNKPHeng  |9 293344 
655 7 |a elektronické zdroje  |2 SNKPH  |9 90954 
655 7 |a CD-ROM  |2 SNKPH  |9 70236 
655 7 |a monografie  |2 SNKPH  |9 70139 
655 7 |a Monographs  |2 SNKPHeng  |9 120675 
655 7 |a Electronic resources  |2 SNKPHeng  |9 175546 
710 2 |a Trnavská univerzita v Trnave.  |b Teologická fakulta v Bratislave  |4 pbl  |9 119703 
919 |a 978-80-7141-847-4 
958 |a NB 
958 |a NT 
999 |c 582736  |d 584666 
952 |a SNK  |b SNK  |y PREZ  |7 0  |p 17A1113242  |o snkSCDM 6687  |i snk2014/15061  |8 0  |0 0  |1 0  |4 0  |d 2014-07-03  |l 0  |r 2026-02-23 14:57:38  |w 2026-02-23 
952 |t snkZAK 27-242  |a SNKMST  |b SNKMST  |y PREZ  |7 0  |p 17A1113241  |o snkSCDM 6687 D1  |i snk2014/15062  |8 0  |0 0  |1 0  |4 0  |d 2014-07-03  |l 0  |r 2025-08-13 00:00:00  |w 2026-02-23